00514nam a2200157Ia 4500008004000000082001700040100002200057245004400079260003400123300000800157650001900165690001600184906001000200999001700210952012900227210210b1967 xxu||||| |||| 00| 0 eng d a793.732 SUND aSUNDAY TELEGRAPH. aSunday telegraph crossword puzzle book. aEngland.bPenguin Booksc1967 a222 aCrosswords  aIndoor Game a02741 c78707d78707 00102ddc40708Games & SportsaALbALcSSSd2021-02-17g3.15l0o793.732 SUNDp027419r2021-02-17 00:00:00w2021-02-17yBK